000 03621nam a2200421 a 4500
001 ebr10469651
003 CaPaEBR
006 m u
007 cr cn|||||||||
008 100428s2010 njua sb 001 0 eng d
010 _z 2010018381
020 _z9780470496626 (hardback)
020 _z9780470949979 (e-book)
020 _z9780470951606 (e-book)
020 _z9780470951774 (e-book)
020 _z9781118004685 (e-book)
020 _z9781118004708 (e-book)
020 _z9781118004715 (e-book)
040 _aCaPaEBR
_cCaPaEBR
035 _a(OCoLC)689994993
050 1 4 _aTJ255.5
_b.L44 2010eb
082 0 4 _a621.402/5
_222
100 1 _aLee, Ho Sung.
245 1 0 _aThermal design
_h[electronic resource] :
_bheat sinks, thermoelectrics, heat pipes, compact heat exchangers, and solar cells /
_cHoSung Lee.
260 _aHoboken, N.J. :
_bWiley,
_c2010.
300 _axviii, 630 p. :
_bill.
504 _aIncludes bibliographical references and index.
520 _a"The proposed is written as a senior undergraduate or the first-year graduate textbook,covering modern thermal devices such as heat sinks, thermoelectric generators and coolers, heat pipes, and heat exchangers as design components in larger systems. These devices are becoming increasingly important and fundamental in thermal design across such diverse areas as microelectronic cooling, green or thermal energy conversion, and thermal control and management in space, etc. However, there is no textbook available covering this range of topics. The proposed book may be used as a capstone design course after the fundamental courses such as thermodynamics, fluid mechanics, and heat transfer. The underlying concepts in this book cover the, 1) understanding of the physical mechanisms of the thermal devices with the essential formulas and detailed derivations, and 2) designing the thermal devices in conjunction with mathematical modeling, graphical optimization, and occasionally computational-fluid-dynamic (CFD) simulation. Important design examples are developed using the commercial software, MathCAD, which allows the students to easily reach the graphical solutions even with highly detailed processes. In other words, the design concept is embodied through the example problems. The graphical presentation generally provides designers or students with the rich and flexible solutions toward achieving the optimal design. A solutions manual will be provided"--
_cProvided by publisher.
520 _a"The proposed is written as a senior undergraduate or the first-year graduate textbook,covering modern thermal devices such as heat sinks, thermoelectric generators and coolers, heat pipes, and heat exchangers as design components in larger systems. These devices are becoming increasingly important and fundamental in thermal design across such diverse areas as microelectronic cooling, green or thermal energy conversion, and thermal control and management in space, etc. However, there is no textbook available covering this range of topics"--
_cProvided by publisher.
533 _aElectronic reproduction.
_bPalo Alto, Calif. :
_cebrary,
_d2011.
_nAvailable via World Wide Web.
_nAccess may be limited to ebrary affiliated libraries.
650 0 _aHeat engineering
_xMaterials.
650 0 _aHeat-transfer media.
650 0 _aThermodynamics.
650 0 _aThermoelectric apparatus and appliances.
655 7 _aElectronic books.
_2local
710 2 _aebrary, Inc.
856 4 0 _uhttp://site.ebrary.com/lib/rucke/Doc?id=10469651
_zAn electronic book accessible through the World Wide Web; click to view
999 _c221822
_d221822